[Event "XLV Badalona Open 2019"]
[Site "Badalona"]
[Date "2019.08.04"]
[Round "3.6"]
[White "Cu Hor, Winston Darwin"]
[Black "Avila Pavas, Santiago"]
[Result "0-1"]
[WhiteElo "2335"]
[BlackElo "2411"]
[Annotator "NA"]
[PlyCount "148"]
[EventDate "2019.08.02"]
[EventType "swiss"]
[EventCountry "ESP"]
[SourceTitle "playchess.com"]
[Source "ChessBase"]
[SourceQuality "1"]
[TimeControl "5400+30"]

1. Nf3 {[%emt 0:01:23]} Nf6 2. c4 {[%emt 0:00:21]} e6 {[%emt 0:00:08]} 3. g3 {[%emt 0:00:32]} d5 {[%emt 0:00:00]} 4. Bg2 {[%emt 0:00:13]} dxc4 {[%emt 0:13:05]} 5. O-O {[%emt 0:03:12]} Be7 {[%emt 0:02:22]} 6. Na3 {[%emt 0:00:49]} O-O {[%emt 0:04:30]} 7. Nxc4 {[%emt 0:03:38]} c5 {[%emt 0:00:59]} 8. b3 {[%emt 0:00:36]} Nc6 {[%emt 0:01:31]} 9. Bb2 {[%emt 0:07:09]} Nd5 {[%emt 0:04:15]} 10. d4 {[%emt 0:03:19]} cxd4 {[%emt 0:02:18]} 11. Nxd4 {[%emt 0:06:23]} Bd7 {[%emt 0:02:23]} 12. Nf5 {[%emt 0:06:47]} Bf6 {[%emt 0:02:15]} 13. Bxf6 {[%emt 0:01:03]} Nxf6 {[%emt 0:00:34]} 14. Nfd6 {[%emt 0:00:57]} Rb8 {[%emt 0:09:27]} 15. Rc1 {[%emt 0:07:35]} Qe7 {[%emt 0:03:42]} 16. Qd2 {[%emt 0:00:17]} Rfd8 {[%emt 0:05:04]} 17. Rfd1 {[%emt 0:07:08]} Be8 {[%emt 0:28:49]} 18. Qb2 {[%emt 0:03:43]} Qf8 {[%emt 0:00:14]} 19. Nxe8 {[%emt 0:06:22]} Qxe8 {[%emt 0:00:14]} 20. Nd6 {[%emt 0:02:57]} Qe7 {[%emt 0:02:30]} 21. Bxc6 {[%emt 0:06:57]} bxc6 {[%emt 0:04:10]} 22. Qe5 {[%emt 0:07:27]} Nd5 {[%emt 0:00:26]} 23. Nf5 {[%emt 0:00:56]} Qf8 {[%emt 0:03:47]} 24. Nd4 {[%emt 0:02:54]} Nb4 {[%emt 0:00:03]} 25. a3 {[%emt 0:02:01]} Rd5 {[%emt 0:00:56]} 26. Qe4 {[%emt 0:01:17]} Na2 {[%emt 0:03:30]} 27. Rc2 {[%emt 0:00:51]} Qxa3 {[%emt 0:02:01]} 28. Ra1 Nc3 {[%emt 0:03:20]} 29. Rxa3 {[%emt 0:00:47]} Nxe4 {[%emt 0:00:00]} 30. Nxc6 {[%emt 0:00:13]} Rd1+ {[%emt 0:00:05]} 31. Kg2 Rb7 32. Rxa7 {[%emt 0:02:03]} Rxa7 {[%emt 0:00:30]} 33. Nxa7 {[%emt 0:00:41]} g5 {[%emt 0:00:53]} 34. b4 {[%emt 0:02:06]} Ra1 {[%emt 0:00:12]} 35. Nc6 {[%emt 0:01:00]} Rb1 {[%emt 0:01:09]} 36. Rc4 {[%emt 0:01:13]} Nf6 {[%emt 0:00:16]} 37. Rc5 {[%emt 0:00:47]} h6 {[%emt 0:00:22]} 38. Rc4 {[%emt 0:03:29]} Rb2 {[%emt 0:01:29]} 39. Nd4 {[%emt 0:00:48]} Kh7 40. Nc2 {[%emt 0:00:11]} Kg6 {[%emt 0:00:45]} 41. h3 Nd5 {[%emt 0:00:07]} 42. e4 {[%emt 0:01:02]} Nb6 {[%emt 0:01:31]} 43. Rc7 {[%emt 0:00:37]} Na8 {[%emt 0:00:04]} 44. Rc6 {[%emt 0:00:46]} Kf6 {[%emt 0:00:09]} 45. Ne3 Ke7 46. Ra6 {[%emt 0:02:52]} Nc7 {[%emt 0:00:31]} 47. Ra7 {[%emt 0:00:08]} Kd8 {[%emt 0:01:11]} 48. Ng4 {[%emt 0:00:25]} h5 {[%emt 0:00:04]} 49. Ne5 {[%emt 0:00:23]} f6 {[%emt 0:00:55]} 50. Nf7+ {[%emt 0:00:13]} Kd7 {[%emt 0:00:01]} 51. e5 {[%emt 0:00:17]} fxe5 {[%emt 0:00:16]} 52. Nxe5+ {[%emt 0:00:52]} Kc8 53. Nf7 {[%emt 0:00:06]} g4 {[%emt 0:01:33]} 54. hxg4 hxg4 {[%emt 0:00:00]} 55. Nd6+ {[%emt 0:01:04]} Kd8 {[%emt 0:01:50]} 56. Nb7+ {[%emt 0:02:39]} Kc8 {[%emt 0:00:12]} 57. Nc5 {[%emt 0:02:38]} Nd5 {[%emt 0:01:19]} 58. Ra3 Kc7 {[%emt 0:00:01]} 59. Nxe6+ {[%emt 0:01:01]} Kd6 {[%emt 0:00:59]} 60. Nd4 {[%emt 0:00:56]} Nxb4 {[%emt 0:00:23]} 61. Nf5+ {[%emt 0:00:30]} Ke6 {[%emt 0:00:30]} 62. Ne3 {[%emt 0:00:00]} Nc2 {[%emt 0:00:21]} 63. Ra6+ {[%emt 0:00:36]} Kf7 {[%emt 0:00:14]} 64. Nxc2 {[%emt 0:00:05]} Rxc2 65. Ra4 {[%emt 0:00:02]} Kf6 {[%emt 0:00:40]} 66. Rxg4 Kf5 {[%emt 0:00:00]} 67. Rf4+ {[%emt 0:00:50]} Kg5 {[%emt 0:00:00]} 68. Kh3 Rc8 {[%emt 0:00:00]} 69. Ra4 {[%emt 0:00:31]} Rh8+ {[%emt 0:00:01]} 70. Kg2 {[%emt 0:00:05]} Rc8 {[%emt 0:00:01]} 71. Ra5+ {[%emt 0:00:10]} Kg6 {[%emt 0:00:11]} 72. f4 {[%emt 0:00:12]} Rc1 {[%emt 0:00:00]} 73. Ra6+ {[%emt 0:00:00]} Kf5 {[%emt 0:00:00]} 74. Ra5+ {[%emt 0:00:00]} Ke4 {[%emt 0:00:00]} 0-1

[Event "XLV Badalona Open 2019"]
[Site "Badalona"]
[Date "2019.08.04"]
[Round "3.7"]
[White "Della Morte, Pablo"]
[Black "Fernandez Borrego, Pablo"]
[Result "0-1"]
[WhiteElo "2289"]
[BlackElo "2408"]
[Annotator "NA"]
[PlyCount "66"]
[EventDate "2019.08.02"]
[EventType "swiss"]
[EventCountry "ESP"]
[SourceTitle "playchess.com"]
[Source "ChessBase"]
[SourceQuality "1"]
[TimeControl "5400+30"]

1. e4 {[%emt 0:00:00]} c5 {[%emt 0:00:00]} 2. Nf3 Nc6 3. d4 {[%emt 0:01:15]} cxd4 {[%emt 0:00:00]} 4. Nxd4 {[%emt 0:01:29]} g6 {[%emt 0:03:28]} 5. c4 {[%emt 0:01:52]} Nf6 {[%emt 0:00:34]} 6. Nc3 {[%emt 0:07:46]} d6 {[%emt 0:04:45]} 7. Nc2 {[%emt 0:00:55]} Bg7 {[%emt 0:04:24]} 8. Be2 {[%emt 0:08:28]} Nd7 {[%emt 0:04:55]} 9. Bd2 {[%emt 0:00:38]} O-O {[%emt 0:00:58]} 10. O-O {[%emt 0:06:32]} Nc5 {[%emt 0:13:26]} 11. f3 {[%emt 0:01:22]} a5 {[%emt 0:02:24]} 12. Be3 {[%emt 0:12:05]} a4 {[%emt 0:05:49]} 13. Qd2 {[%emt 0:07:03]} Qa5 {[%emt 0:02:10]} 14. Na3 {[%emt 0:03:04]} Be6 {[%emt 0:05:05]} 15. Rac1 {[%emt 0:03:05]} Rfc8 {[%emt 0:07:44]} 16. Rfd1 {[%emt 0:06:44]} Qb4 {[%emt 0:04:50]} 17. Bf1 {[%emt 0:04:39]} Nd7 {[%emt 0:01:39]} 18. Qf2 {[%emt 0:12:02]} Na5 {[%emt 0:04:39]} 19. Rd5 {[%emt 0:00:06]} Bxd5 {[%emt 0:00:22]} 20. Nxd5 {[%emt 0:00:19]} Qxb2 {[%emt 0:00:37]} 21. Nxe7+ {[%emt 0:00:23]} Kf8 {[%emt 0:00:22]} 22. Nxc8 Qxa3 {[%emt 0:00:19]} 23. Na7 {[%emt 0:00:44]} Rxa7 {[%emt 0:05:29]} 24. Qd2 {[%emt 0:01:06]} b6 {[%emt 0:02:02]} 25. c5 {[%emt 0:04:01]} dxc5 {[%emt 0:03:24]} 26. Bf4 {[%emt 0:03:54]} Kg8 {[%emt 0:02:05]} 27. Bb5 {[%emt 0:03:44]} Qb2 {[%emt 0:02:24]} 28. Bxa4 Bd4+ {[%emt 0:00:26]} 29. Kf1 {[%emt 0:00:45]} Qxd2 {[%emt 0:01:08]} 30. Bxd2 {[%emt 0:00:00]} Ne5 {[%emt 0:00:24]} 31. Bb5 {[%emt 0:03:35]} Nb7 {[%emt 0:00:50]} 32. f4 {[%emt 0:00:26]} Rxa2 {[%emt 0:00:30]} 33. Ke2 Nd6 0-1

[Event "XLV Badalona Open 2019"]
[Site "Badalona"]
[Date "2019.08.04"]
[Round "3.8"]
[White "Walter Travella, German"]
[Black "Alvaro Hermosa, Ramon"]
[Result "*"]
[WhiteElo "1940"]
[BlackElo "1627"]
[Annotator "NA"]
[PlyCount "39"]
[EventDate "2019.08.02"]
[EventType "swiss"]
[EventCountry "ESP"]
[SourceTitle "playchess.com"]
[Source "ChessBase"]
[SourceQuality "1"]
[TimeControl "5400+30"]

1. f4 {[%emt 0:03:05]} d5 {[%emt 0:00:21]} 2. Nf3 {[%emt 0:01:03]} Nf6 {[%emt 0:00:49]} 3. e3 g6 4. b3 {[%emt 0:02:28]} Bg7 {[%emt 0:01:25]} 5. Bb2 {[%emt 0:00:13]} O-O 6. Be2 {[%emt 0:00:00]} c5 {[%emt 0:03:11]} 7. O-O {[%emt 0:01:00]} Nc6 {[%emt 0:00:20]} 8. d3 {[%emt 0:02:15]} d4 9. e4 {[%emt 0:00:19]} Ng4 {[%emt 0:07:34]} 10. Bc1 {[%emt 0:01:40]} f5 {[%emt 0:08:17]} 11. e5 {[%emt 0:01:14]} Nb4 {[%emt 0:02:11]} 12. h3 {[%emt 0:01:13]} Nh6 {[%emt 0:02:25]} 13. c4 {[%emt 0:06:17]} Qc7 {[%emt 0:00:11]} 14. a3 {[%emt 0:01:22]} Nc6 {[%emt 0:00:58]} 15. b4 {[%emt 0:01:47]} b6 {[%emt 0:04:09]} 16. Qe1 {[%emt 0:02:28]} Nd8 {[%emt 0:01:31]} 17. Bd2 {[%emt 0:01:54]} a5 {[%emt 0:03:10]} 18. b5 Bb7 {[%emt 0:02:20]} 19. Qh4 {[%emt 0:04:35]} Ne6 20. Ra2 *

[Event "XLV Badalona Open 2019"]
[Site "Badalona"]
[Date "2019.08.04"]
[Round "3.9"]
[White "Murat Huertas, Eduard"]
[Black "Moncada Correa, Sara"]
[Result "0-1"]
[WhiteElo "1799"]
[BlackElo "1909"]
[Annotator "NA"]
[PlyCount "62"]
[EventDate "2019.08.02"]
[EventType "swiss"]
[EventCountry "ESP"]
[SourceTitle "playchess.com"]
[Source "ChessBase"]
[SourceQuality "1"]
[TimeControl "5400+30"]

1. c4 {[%emt 0:02:57]} c6 {[%emt 0:00:09]} 2. g3 {[%emt 0:01:02]} d5 {[%emt 0:00:20]} 3. Bg2 {[%emt 0:00:30]} Nf6 {[%emt 0:01:22]} 4. Nf3 {[%emt 0:06:25]} dxc4 {[%emt 0:03:15]} 5. a4 {[%emt 0:01:29]} Bf5 {[%emt 0:08:10]} 6. Na3 {[%emt 0:01:39]} Qd5 {[%emt 0:02:19]} 7. O-O {[%emt 0:03:48]} Qc5 {[%emt 0:00:59]} 8. b4 {[%emt 0:01:40]} cxb3 {[%emt 0:02:05]} 9. Qxb3 {[%emt 0:08:50]} Qb6 {[%emt 0:04:54]} 10. Qc4 {[%emt 0:00:49]} Nbd7 {[%emt 0:07:21]} 11. d3 {[%emt 0:03:34]} Qd8 {[%emt 0:03:23]} 12. Qb3 {[%emt 0:05:26]} Qc7 {[%emt 0:00:59]} 13. Bf4 {[%emt 0:03:52]} e5 {[%emt 0:00:19]} 14. Nxe5 {[%emt 0:01:20]} Nxe5 {[%emt 0:13:18]} 15. Nc4 {[%emt 0:08:25]} Bd6 {[%emt 0:00:13]} 16. Nxd6+ {[%emt 0:00:30]} Qxd6 {[%emt 0:01:01]} 17. d4 {[%emt 0:00:52]} Qxd4 {[%emt 0:01:11]} 18. Rad1 {[%emt 0:03:03]} Qc5 {[%emt 0:00:57]} 19. Rc1 {[%emt 0:00:23]} Qe7 20. Bxe5 {[%emt 0:00:03]} Qxe5 {[%emt 0:00:41]} 21. Qxb7 {[%emt 0:03:40]} O-O {[%emt 0:10:05]} 22. Bxc6 {[%emt 0:00:50]} Rab8 {[%emt 0:00:49]} 23. Qxa7 {[%emt 0:02:33]} Qxe2 {[%emt 0:03:57]} 24. a5 {[%emt 0:03:37]} Be4 {[%emt 0:00:37]} 25. Rce1 {[%emt 0:00:43]} Qf3 {[%emt 0:00:30]} 26. Bxe4 {[%emt 0:00:30]} Nxe4 {[%emt 0:00:00]} 27. Re3 {[%emt 0:05:30]} Qf5 {[%emt 0:01:34]} 28. Qd4 Ng5 {[%emt 0:00:47]} 29. Kg2 {[%emt 0:02:51]} Qxa5 {[%emt 0:01:19]} 30. Ra1 {[%emt 0:07:14]} Qb5 {[%emt 0:00:31]} 31. Rc3 Qb7+ {Rd3} 0-1

[Event "XLV Badalona Open 2019"]
[Site "Badalona"]
[Date "2019.08.04"]
[Round "3.10"]
[White "Bedoya Rosales, Luis"]
[Black "Costa Trave, Jaume"]
[Result "1-0"]
[WhiteElo "1924"]
[BlackElo "1856"]
[Annotator "NA"]
[PlyCount "123"]
[EventDate "2019.08.02"]
[EventType "swiss"]
[EventCountry "ESP"]
[SourceTitle "playchess.com"]
[Source "ChessBase"]
[SourceQuality "1"]
[TimeControl "5400+30"]

1. e4 e6 2. d4 d5 3. Nd2 c5 4. Ngf3 Nc6 5. Bb5 a6 6. exd5 Qxd5 7. c4 Qd8 8. Bxc6+ bxc6 9. dxc5 Bxc5 10. O-O Nf6 11. Qc2 Be7 12. Ne4 c5 13. Bf4 O-O 14. Nfg5 g6 15. Rad1 Qb6 16. Qc3 Nh5 17. Bd6 Ra7 18. Bxe7 Rxe7 19. Nf6+ Nxf6 20. Qxf6 Qc7 21. Rd3 e5 22. Re1 Bf5 23. Rd5 h6 24. Ne4 Bxe4 25. Rxe4 Re6 26. Qh4 g5 27. Qg3 Rfe8 28. h4 f6 29. Qd3 R6e7 30. b3 Kg7 31. h5 Rf7 32. Rd6 Kf8 33. Re2 e4 34. Qd1 a5 35. Red2 Qe7 36. R2d5 e3 37. fxe3 Qxe3+ 38. Kh1 Qg3 39. Rd8 Rfe7 40. Rxe8+ Rxe8 41. Rd8 Qe5 42. Qd6+ Qe7 43. Qxe7+ Kxe7 44. Rd5 Rc8 45. g4 Ke6 46. Kg2 a4 47. Kf3 axb3 48. axb3 Rb8 49. Ke4 Rxb3 50. Rxc5 Kd6 51. Rb5 Rc3 52. c5+ Kc6 53. Rb6+ Kxc5 54. Rxf6 Rc4+ 55. Kf5 Rf4+ 56. Kg6 Rxg4 57. Kxh6 Kd5 58. Kg6 Ke5 59. h6 Rh4 60. Rf5+ Ke6 61. Rxg5 Ke7 62. h7 1-0

[Event "XLV Badalona Open 2019"]
[Site "Badalona"]
[Date "2019.08.05"]
[Round "4.1"]
[White "Lorenzo De La Riva, Lazaro"]
[Black "Sturt, Raven"]
[Result "0-1"]
[WhiteElo "2373"]
[BlackElo "2429"]
[Annotator "RC"]
[PlyCount "105"]
[EventDate "2019.08.02"]
[EventType "swiss"]
[EventCountry "ESP"]
[TimeControl "5400+30"]

1. e4 {[%emt 0:00:19]} e5 {[%emt 0:00:00]} 2. Nf3 {[%emt 0:00:43]} Nc6 {[%emt 0:00:00]} 3. Bb5 {[%emt 0:00:17]} a6 {[%emt 0:00:00]} 4. Ba4 {[%emt 0:00:16]} Nf6 {[%emt 0:00:00]} 5. O-O {[%emt 0:00:45]} Be7 6. Re1 {[%emt 0:00:54]} b5 {[%emt 0:00:00]} 7. Bb3 {[%emt 0:00:05]} d6 {[%emt 0:00:00]} 8. c3 {[%emt 0:00:16]} O-O {[%emt 0:00:00]} 9. h3 {[%emt 0:00:05]} Na5 10. Bc2 {[%emt 0:00:09]} c5 {[%emt 0:00:04]} 11. d4 {[%emt 0:00:10]} Nd7 {[%emt 0:04:28]} 12. Nbd2 exd4 {[%emt 0:00:05]} 13. cxd4 {[%emt 0:03:31]} Nc6 {[%emt 0:04:12]} 14. a4 {[%emt 0:01:58]} bxa4 {[%emt 0:01:32]} 15. Bxa4 Nxd4 16. Nxd4 {[%emt 0:06:10]} cxd4 {[%emt 0:00:33]} 17. Nf3 Nc5 {[%emt 0:06:40]} 18. Nxd4 {[%emt 0:02:47]} Bf6 {[%emt 0:06:12]} 19. Bc6 {[%emt 0:23:03]} Rb8 {[%emt 0:05:52]} 20. Bd5 {[%emt 0:08:17]} Bb7 {[%emt 0:14:18]} 21. Nf5 {[%emt 0:11:43]} Be5 {[%emt 0:02:01]} 22. Ra3 {[%emt 0:09:23]} Qb6 {[%emt 0:07:30]} 23. Ne3 {[%emt 0:12:02]} Qb5 {[%emt 0:12:29]} 24. Ng4 Bxb2 {[%emt 0:01:03]} 25. Rg3 {[%emt 0:13:39]} Kh8 {[%emt 0:02:03]} 26. Bf4 {[%emt 0:04:16]} Rbd8 27. Bg5 {[%emt 0:00:24]} f6 {[%emt 0:03:43]} 28. Bf4 Be5 29. Bxe5 {[%emt 0:01:53]} dxe5 {[%emt 0:00:30]} 30. Qf3 {[%emt 0:00:39]} Qb4 {[%emt 0:07:57]} 31. Ra1 {[%emt 0:00:02]} Nxe4 {[%emt 0:04:18]} 32. Qxe4 Qxe4 {[%emt 0:02:36]} 33. Bxe4 {[%emt 0:00:32]} Bxe4 34. Rxa6 {[%emt 0:00:00]} Rd1+ {[%emt 0:00:26]} 35. Kh2 {[%emt 0:00:41]} Rc8 {[%emt 0:00:34]} 36. Re3 {[%emt 0:00:32]} Bg6 {[%emt 0:00:29]} 37. f3 {[%emt 0:00:39]} Rd2 {[%emt 0:00:44]} 38. Rea3 {[%emt 0:00:37]} Rdd8 {[%emt 0:00:32]} 39. Ne3 {[%emt 0:00:29]} h5 {[%emt 0:00:30]} 40. h4 {[%emt 0:00:37]} Kh7 41. Ra7 {[%emt 0:00:11]} Kh6 {[%emt 0:01:03]} 42. g4 {[%emt 0:01:12]} Rc1 {[%emt 0:01:24]} 43. Ra2 {[%emt 0:00:26]} Rd3 {[%emt 0:04:20]} 44. R7a3 {[%emt 0:00:20]} hxg4 {[%emt 0:00:24]} 45. fxg4 {[%emt 0:00:21]} Rd4 {[%emt 0:00:46]} 46. h5 {[%emt 0:01:01]} Be4 {[%emt 0:02:23]} 47. Ra7 {[%emt 0:01:21]} Re1 {[%emt 0:00:45]} 48. R7a3 Bd3 49. Ng2 {[%emt 0:00:52]} Ree4 {[%emt 0:00:31]} 50. Rd2 {[%emt 0:00:13]} Be2 51. Rb2 {[%emt 0:00:40]} Bxg4 {[%emt 0:00:27]} 52. Nh4 Kxh5 53. Rb1 0-1

[Event "XLV Badalona Open 2019"]
[Site "Badalona"]
[Date "2019.08.05"]
[Round "4.2"]
[White "Fernandez Borrego, Pablo"]
[Black "Rojas Keim, Luis"]
[Result "0-1"]
[WhiteElo "2408"]
[BlackElo "2338"]
[Annotator "TA"]
[PlyCount "69"]
[EventDate "2019.08.02"]
[EventType "swiss"]
[EventCountry "ESP"]
[SourceTitle "playchess.com"]
[Source "ChessBase"]
[SourceQuality "1"]

{[%evp 11,69,18,9,4,38,-8,0,-57,-37,-122,-133,-149,-138,-133,-139,-130,-121,-108,-113,-181,-180,-187,-185,-414,-400,-473,-479,-458,-460,-453,-434,-440,-440,-418,-418,-758,-498,-614,-607,-612,-339,-364,-357,-438,-431,-385,-264,-334,-300,-448,-464,-409,-461,-455,-451,-666,-654,-29998,-29999,-29999]} 1. g3 e5 2. c4 Nf6 3. Bg2 c6 4. Nf3 e4 5. Nd4 d5 6. cxd5 Qxd5 7. e3 $146 {A20: English Opening: 1...e5} (7. Nb3 Qe5 8. Nc3 Be7 9. d4 exd3 10. Qxd3 O-O 11. O-O Rd8 12. Qe3 Qxe3 13. Bxe3 Ng4 14. Bc5 Kf8 15. Rfd1 {0-1 (55) Popov,V (2532)-Anand,V (2773) St Petersburg 2018}) 7... Bc5 8. Nc3 Qe5 9. f4 ({White should play} 9. O-O $11) 9... Qe7 $1 $15 10. Nb3 ({White should try} 10. O-O $15) 10... Bb6 11. Na4 Bg4 12. Qc2 Na6 $1 $36 {[%cal Bb8a6,Ba6c5,Bc5d3][%mdl 2080] Black is really pushing.} 13. a3 Rd8 14. Nxb6 axb6 15. h3 {[#]} (15. Nd4 $17) 15... Be6 $1 $19 16. Nd4 Nc5 {White must now prevent ...Rxd4!} 17. Nxe6 $2 (17. O-O) 17... Nd3+ ({Weaker is} 17... Nxe6 18. b4 $11) (17... fxe6 18. O-O $15) 18. Kf1 Qxe6 19. g4 Rd5 {[%cal Bd8d5,Bd5g5,Bg5g3][%mdl 32]} 20. b4 h5 21. g5 {[#]} Rxg5 $1 {[%mdl 512]} 22. Bb2 ({Of course not} 22. fxg5 Qf5+ 23. Ke2 (23. Kg1 $2 {gets mated.} Qf2+ 24. Kh2 Ng4+ 25. hxg4 hxg4#) 23... Qf2+ 24. Kd1 Qxg2 $19) 22... Rg3 23. Bxf6 (23. b5 $142 Nd5 24. bxc6 bxc6 25. Rh2) 23... Qxf6 24. Bxe4 Qxa1+ {[%mdl 64] Double Attack} 25. Ke2 Qf6 26. Qxd3 O-O 27. Qd7 Rd8 28. Qxb7 c5 29. bxc5 bxc5 30. h4 (30. Qc7 {was necessary.}) 30... Qe6 31. Bf3 Qa2 {[%mdl 64] Double Attack} 32. Rd1 Rh3 33. Kf2 (33. Ke1 $142 Qe6 34. Qe4) 33... Rxd2+ 34. Kf1 {[#] And now Qc8+ would win.} Rh1+ $1 {[%mdl 576] Back Rank} 35. Bxh1 {Accuracy: White = 26%, Black = 92%.} 0-1

[Event "XLV Badalona Open 2019"]
[Site "Badalona"]
[Date "2019.08.05"]
[Round "4.3"]
[White "Umetsubo, Cesar Hidemitsu"]
[Black "Cu Hor, Winston Darwin"]
[Result "1/2-1/2"]
[WhiteElo "2406"]
[BlackElo "2335"]
[Annotator "TA"]
[PlyCount "79"]
[EventDate "2019.08.02"]
[EventType "swiss"]
[EventCountry "ESP"]
[SourceTitle "playchess.com"]
[Source "ChessBase"]
[SourceQuality "1"]

{[%evp 21,79,52,60,61,61,53,66,67,81,81,73,75,81,60,88,73,78,61,65,55,62,36,71,27,28,35,64,0,0,0,0,0,18,18,19,12,31,31,31,31,31,31,31,31,31,0,0,0,-2,-14,-9,-33,-33,-46,-46,-44,-31,-25,-25,-24]} 1. e4 c5 2. Nf3 d6 3. d4 cxd4 4. Nxd4 Nf6 5. Nc3 a6 6. Be2 e5 7. Nb3 Be7 8. Be3 Nbd7 9. a4 b6 10. O-O Bb7 11. f3 O-O 12. Rf2 {B92: Sicilian Najdorf: 6 Be2} Rc8 13. Bf1 Rc7 14. Rd2 {White is slightly better.} Qa8 15. Nc1 {[#]} Rd8 $146 ({Predecessor:} 15... Rfc8 16. N1a2 d5 17. exd5 Bc5 18. Bxc5 Rxc5 19. Nb4 Nf8 {1-0 (39) Svidler,P (2723)-Nakamura,H (2699) Gjovik 2009}) 16. N1a2 Qc8 17. Bf2 Bf8 18. Nb4 h6 19. Nbd5 Nxd5 20. Nxd5 Bxd5 21. exd5 g6 22. Ra3 Qb7 23. Qe2 a5 24. Rb3 (24. Qe3 $14) 24... Nc5 $11 25. Bxc5 Rxc5 26. Qa6 Rb8 27. Qxb7 Rxb7 28. Bb5 Be7 29. Bc6 Rb8 30. Rbd3 Bg5 31. Re2 Rc4 32. c3 f5 33. b3 e4 34. fxe4 Rxe4 35. Kf2 Kg7 36. Rf3 Rc8 37. Bd7 Rc7 38. Be6 Bf6 39. Rxe4 fxe4 40. Re3 {Accuracy: White = 59%, Black = 51%.} 1/2-1/2

[Event "XLV Badalona Open 2019"]
[Site "Badalona"]
[Date "2019.08.05"]
[Round "4.4"]
[White "Hernandez, Cristian Andres"]
[Black "Mascaro March, Pedro"]
[Result "1-0"]
[WhiteElo "2355"]
[BlackElo "2376"]
[Annotator "TA"]
[PlyCount "67"]
[EventDate "2019.08.02"]
[EventType "swiss"]
[EventCountry "ESP"]
[SourceTitle "playchess.com"]
[Source "ChessBase"]
[SourceQuality "1"]

{[%evp 16,67,37,37,39,33,51,45,50,19,23,26,38,31,83,80,79,77,56,48,165,114,174,130,221,233,246,166,150,133,144,137,158,154,158,142,332,322,319,315,617,589,29990,29991,29991,29991,29992,29992,29992,29992,29992,29989,29989,29990]} 1. d4 Nf6 2. Nf3 e6 3. c4 Bb4+ 4. Nbd2 O-O 5. a3 Bxd2+ 6. Qxd2 b6 7. e3 Bb7 8. Be2 d6 9. b4 Nbd7 {E14: Queen's Indian: Classical Variation (4 e3)} 10. Bb2 Ne4 11. Qc2 Ng5 {White is slightly better.} (11... f5 12. O-O Rf6 13. d5 Rh6 14. Rad1 c5 15. g3 exd5 16. cxd5 Qe7 17. bxc5 bxc5 18. a4 Rf8 19. a5 Kh8 20. Ne1 {½-½ (51) Anton Guijarro,D (2650)-Moiseenko,A (2657) Doha 2016}) 12. h4 $146 (12. Nd2 $5 {[%cal Rh2h4]} f5 13. O-O $14) ({Predecessor:} 12. Nd2 f5 13. f3 Qf6 14. c5 Nb8 15. d5 Qg6 16. c6 Bc8 17. dxe6 {1-0 (38) Ushenina,A (2450)-Socko,M (2448) Huaian 2016}) 12... Nxf3+ 13. gxf3 a5 14. b5 c6 (14... Kh8 $14) 15. bxc6 $1 $16 Bxc6 {[#]} 16. d5 $1 {[%cal Rd5c6][%mdl 512]} Bb7 (16... exd5 17. Rg1) 17. Bd3 e5 ({Black should try} 17... h6 $1 $14) 18. Bxh7+ $18 Kh8 19. f4 $36 {[%mdl 2048] White is in control.} Rc8 (19... b5 $16 {keeps fighting.}) 20. Bf5 g6 ({But not} 20... Bxd5 $2 21. Qe2 $1 $18 {[%mdl 512]}) 21. Bxd7 Qxd7 22. fxe5 dxe5 23. Rd1 {Strongly threatening h5.} Qg4 24. Bxe5+ f6 25. Bf4 b5 $2 {[#]} (25... Qf5 $16 {is a better defense.} 26. Qxf5 gxf5) 26. h5 $1 {[%cal Rh5g6]} g5 27. Qg6 Rxc4 $2 (27... Qd7 28. Qh6+ Kg8 29. Qg6+ Kh8 30. Qh6+ Kg8 31. Qg6+ Kh8) 28. Bd6 {Threatening mate with Qh6+.} Qf3 {Now ...Rf7 and Black clings on.} 29. Qh6+ {[%mdl 64] Double Attack. White mates.} Kg8 30. Qxf8+ Kh7 31. Qf7+ {[%mdl 64] Double Attack} Kh8 32. Qe8+ Kh7 33. Qd7+ Kh8 34. Rh3 {Accuracy: White = 79%, Black = 15%.} 1-0

[Event "XLV Badalona Open 2019"]
[Site "Badalona"]
[Date "2019.08.05"]
[Round "4.5"]
[White "Pena Gomez, Manuel"]
[Black "Lopez Gonzalez, Abel Fabian"]
[Result "1/2-1/2"]
[WhiteElo "2500"]
[BlackElo "2355"]
[Annotator "TA"]
[PlyCount "48"]
[EventDate "2019.08.02"]
[EventType "swiss"]
[EventCountry "ESP"]
[SourceTitle "playchess.com"]
[Source "ChessBase"]
[SourceQuality "1"]

{[%evp 16,48,35,32,44,11,37,-10,-11,-6,0,0,0,0,0,0,-13,-11,0,0,0,0,0,0,0,0,0,0,16,-16,0,0,0,0,0]} 1. g3 d5 2. Bg2 Nf6 3. Nf3 e6 4. c4 dxc4 5. O-O c5 6. Na3 Nc6 7. Nxc4 Be7 8. b3 O-O 9. Bb2 Qc7 {A13: English Opening: 1...e6} (9... Bd7 10. d4 cxd4 11. Nxd4 Rc8 12. Nb5 a6 13. Nbd6 Rc7 14. Rc1 Qb8 15. e4 b5 16. e5 Nd5 17. Bxd5 exd5 {1-0 (31) Wei,Y (2743)-Yu,Y (2751) Shenzhen 2017}) 10. Rc1 Rd8 11. a3 b5 {The position is equal.} 12. Nce5 {[#] Threatens to win with Nxc6.} Nxe5 $146 ({Predecessor:} 12... Bb7 13. Qc2 Rac8 14. e3 Qb6 15. Rfd1 h6 16. d3 Na5 17. Bh3 {½-½ (25) Raab,P (2054)-Voelbel,P (1858) Frankfurt 2004}) 13. Bxe5 Qb6 $1 14. Qc2 Bb7 15. Ng5 {And now Bxf6 would win.} Bxg2 16. Kxg2 Qb7+ 17. f3 {aiming for Bxf6.} g6 18. Bxf6 Bxf6 19. Ne4 $36 {[%mdl 2048] White has the initiative.} Be7 20. Qb2 Rac8 21. Rc2 Qa6 22. d3 c4 23. dxc4 bxc4 24. Rfc1 {[%cal Rc2c4]} f5 {Accuracy: White = 69%, Black = 47%.} 1/2-1/2